| 000 | 00000nas 2200000zi 4500 |
| 001 | 9.806457 |
| 003 | CaOODSP |
| 005 | 20221107135909 |
| 006 | m o d f |
| 007 | cr ||||||||||| |
| 008 | 151126c19799999oncuu m o f0 a0eng|d |
| 040 | |aCaOODSP|beng|erda|cCaOODSP |
| 041 | |aeng|bfre |
| 043 | |an-cn--- |
| 086 | 1 |aFs41-31E-PDF |
| 130 | 0 |aCanadian special publication of fisheries and aquatic sciences. |
| 245 | 10|aCanadian special publication of fisheries and aquatic sciences. |
| 264 | 1|aOttawa : |bDepartment of Fisheries and Oceans, |c1979- |
| 310 | |aIrregular |
| 336 | |atext|btxt|2rdacontent |
| 337 | |acomputer|bc|2rdamedia |
| 338 | |aonline resource|bcr|2rdacarrier |
| 500 | |aSome issues have parallel title: Publication spéciale des sciences halieutiques et aquatiques. |
| 546 | |bIncludes abstracts in French. |
| 588 | |aDescription based on: no. 44. |
| 710 | 1 |aCanada. |bDepartment of Fisheries and Oceans, |eissuing body |
| 775 | 08|tCanadian special publication of fisheries and aquatic sciences |w(CaOODSP)9.816381 |
| 775 | 08|tPublication spéciale canadienne des sciences halieutiques et aquatiques.|w(CaOODSP)9.889008 |
| 776 | 0#|tCanadian special publication of fisheries and aquatic sciences |w(CaOODSP)9.514670 |